Health behavior and health education : (Record no. 37397)
[ view plain ]
| 000 -LEADER | |
|---|---|
| fixed length control field | 01536nam a2200373 a 4500 |
| 001 - CONTROL NUMBER | |
| control field | 37397 |
| 003 - CONTROL NUMBER IDENTIFIER | |
| rucl marc code | BD-RjUL |
| 005 - DATE AND TIME OF LATEST TRANSACTION | |
| control field | 20211209052615.0 |
| 008 - FIXED-LENGTH DATA ELEMENTS--GENERAL INFORMATION | |
| fixed length control field | 15 s2008 caua b 001 0 eng |
| 020 ## - INTERNATIONAL STANDARD BOOK NUMBER | |
| International Standard Book Number | 9780787996147 (hdbk.) |
| International Standard Book Number | 0787996149 (hdbk.) |
| 035 ## - SYSTEM CONTROL NUMBER | |
| System control number | (OCoLC)ocn225874161 |
| System control number | (OCoLC)225874161 |
| -- | (BD-RjUL)37501 |
| 040 ## - CATALOGING SOURCE | |
| Original cataloging agency | DNLM/DLC |
| Transcribing agency | DLC |
| Modifying agency | NLM |
| -- | BTCTA |
| -- | BAKER |
| -- | UKM |
| -- | YDXCP |
| -- | OCLCG |
| -- | C#P |
| -- | BWX |
| -- | COU |
| -- | CDX |
| -- | DLC |
| -- | BD-RjUL |
| Language of cataloging | eng |
| 041 ## - LANGUAGE CODE | |
| Language code of text/sound track or separate title | eng |
| 082 00 - DEWEY DECIMAL CLASSIFICATION NUMBER | |
| Classification number | 613 |
| Edition number | 22 |
| Author mark and year | HEA 2008 |
| 245 00 - TITLE STATEMENT | |
| Title | Health behavior and health education : |
| Remainder of title | theory, research, and practice / |
| Statement of responsibility, etc. | Karen Glanz, Barbara K. Rimer, K. Viswanath, editors ; foreword by C. Tracy Orleans. |
| 250 ## - EDITION STATEMENT | |
| Edition statement | 4th ed. |
| 260 ## - PUBLICATION, DISTRIBUTION, ETC. (IMPRINT) | |
| Place of publication, distribution, etc. | San Francisco, CA : |
| Name of publisher, distributor, etc. | Jossey-Bass, |
| Date of publication, distribution, etc. | c2008. |
| 300 ## - PHYSICAL DESCRIPTION | |
| Pagination | xxxiii, 552 p. : |
| Illustrations | ill. ; |
| Size | 25 cm. |
| 504 ## - BIBLIOGRAPHY, ETC. NOTE | |
| Bibliography, etc | Includes bibliographical references and indexes. |
| 505 0# - FORMATTED CONTENTS NOTE | |
| Formatted contents note | Part one: Health education and health behavior: the foundations -- The scope of health behavior and health education / The editors -- Theory, research, and practice in health behavior and health education / The editors -- |
| 650 #0 - SUBJECT ADDED ENTRY--TOPICAL TERM | |
| Topical term or geographic name as entry element | Health behavior. |
| 9 (RLIN) | 114753 |
| Topical term or geographic name as entry element | Health education. |
| 9 (RLIN) | 114754 |
| Topical term or geographic name as entry element | Health promotion. |
| 9 (RLIN) | 114755 |
| Topical term or geographic name as entry element | Health Behavior. |
| 9 (RLIN) | 114756 |
| Topical term or geographic name as entry element | Health Education. |
| 9 (RLIN) | 114757 |
| 700 1# - ADDED ENTRY--PERSONAL NAME | |
| Personal name | Glanz, Karen. |
| Personal name | Rimer, Barbara K. |
| Personal name | Viswanath, K. |
| Fuller form of name | (Kasisomayajula) |
| 942 ## - ADDED ENTRY ELEMENTS (KOHA) | |
| Source of classification or shelving scheme | Dewey Decimal Classification |
| Koha item type | Books |
| Lost status | Source of classification or shelving scheme | Damaged status | Not for loan | Collection code | Permanent Location | Current Location | Shelving location | Date acquired | Source of acquisition | Total Checkouts | Full call number | Date last seen | Copy number | Koha item type |
|---|---|---|---|---|---|---|---|---|---|---|---|---|---|---|
| Dewey Decimal Classification | Not For Loan | Non-fiction | Institute of Biological Sciences (IBSc) Library | Institute of Biological Sciences (IBSc) Library | 05/01/2015 | HEQEP | 613 HEA 2008 | 11/01/2015 | C-1 | Books |